[Event "14. Obert Int. Sant Marti 2012"]
[Site "Barcelona ESP"]
[Date "2012.07.21"]
[Round "9.37"]
[White "Franch Guiral, Ramon"]
[Black "Isgandarova, Khayala"]
[Result "0-1"]
[WhiteElo "1948"]
[BlackElo "2206"]
[PlyCount "80"]
[EventDate "2012.07.13"]
[EventType "swiss"]
[EventRounds "9"]
[EventCountry "ESP"]
[SourceTitle "Ajedrez en Madrid"]
[Source "lmi"]
[SourceDate "2012.07.13"]
[SourceVersion "1"]
[SourceVersionDate "2019.06.21"]
[SourceQuality "1"]

1. e4 e6 2. Nc3 d5 3. exd5 exd5 4. d4 Nf6 5. Bd2 Be7 6. Nf3 Bg4 7. Be2 Ne4 8.
O-O O-O 9. Be3 Nc6 10. Nd2 Bxe2 11. Nxe2 Bd6 12. Nxe4 dxe4 13. c3 Qh4 14. g3
Qf6 15. Nf4 Rfe8 16. f3 Rad8 17. fxe4 Rxe4 18. Ng2 Qg6 19. Qf3 Rde8 20. Rae1
R8e6 21. Qf5 Qxf5 22. Rxf5 Ne7 23. Rff1 Nd5 24. Bd2 c5 25. Rxe4 Rxe4 26. Re1
Rxe1+ 27. Nxe1 cxd4 28. cxd4 Kf8 29. Kf1 Ke7 30. Ke2 Ke6 31. a3 h6 32. Ng2 g5
33. Kd3 Kf5 34. Ne3+ Nxe3 35. Kxe3 Kg4 36. Ke4 f5+ 37. Kd5 Bc7 38. Ke6 f4 39.
Be1 Kh3 40. Kf5 Kxh2 0-1

[Event "14. Obert Int. Sant Marti 2012"]
[Site "Barcelona ESP"]
[Date "2012.07.21"]
[Round "9.38"]
[White "Lopez Forn, Marc"]
[Black "Ginesta Caballero, Olga Lucia"]
[Result "0-1"]
[WhiteElo "2032"]
[BlackElo "2093"]
[PlyCount "100"]
[EventDate "2012.07.13"]
[EventType "swiss"]
[EventRounds "9"]
[EventCountry "ESP"]
[SourceTitle "Ajedrez en Madrid"]
[Source "lmi"]
[SourceDate "2012.07.13"]
[SourceVersion "1"]
[SourceVersionDate "2019.06.21"]
[SourceQuality "1"]

1. e4 c5 2. d4 cxd4 3. c3 g6 4. cxd4 d5 5. e5 Nc6 6. Nf3 Bg7 7. Bd3 Bg4 8. Nbd2
Qa5 9. O-O Nxd4 10. b4 Qb6 11. Qa4+ Bd7 12. b5 Nxb5 13. Rb1 Nc3 14. Rxb6 Nxa4
15. Rb5 e6 16. Ba3 Nb6 17. Rb3 Rc8 18. Re1 Ba4 19. Rb4 Bd7 20. Rb3 Bh6 21. g4
Ne7 22. Nf1 Ba4 23. Bb5+ Bxb5 24. Rxb5 Rc3 25. Rb3 Rxb3 26. axb3 Kd7 27. g5 Bg7
28. Ne3 Rc8 29. Bb4 Nc6 30. Bd6 Bf8 31. Bxf8 Rxf8 32. Ng4 Ke7 33. Nf6 Rh8 34.
Kg2 Nd7 35. Ng4 Nc5 36. Rb1 a5 37. Ne1 d4 38. Kf3 Rd8 39. Nc2 d3 40. Nce3 Nd4+
41. Kg2 Ndxb3 42. Nc4 Rd4 43. Nge3 a4 44. Na3 d2 45. f3 Rd3 46. Nd1 Nc1 47. Nc4
N5b3 48. Na3 Rd5 49. f4 b5 50. Nc2 Rc5 0-1

[Event "14. Obert Int. Sant Marti 2012"]
[Site "Barcelona ESP"]
[Date "2012.07.21"]
[Round "9.39"]
[White "Molinero Martin, Joan"]
[Black "Garcia Mosquera, David"]
[Result "1/2-1/2"]
[WhiteElo "2046"]
[BlackElo "2033"]
[PlyCount "118"]
[EventDate "2012.07.13"]
[EventType "swiss"]
[EventRounds "9"]
[EventCountry "ESP"]
[SourceTitle "Ajedrez en Madrid"]
[Source "lmi"]
[SourceDate "2012.07.13"]
[SourceVersion "1"]
[SourceVersionDate "2019.06.21"]
[SourceQuality "1"]

1. e4 e5 2. Nf3 Nc6 3. Bc4 Nf6 4. Nc3 Be7 5. d4 exd4 6. Nxd4 O-O 7. Nf5 Ne5 8.
Be2 d6 9. Nxe7+ Qxe7 10. Bg5 c6 11. O-O h6 12. Bh4 Ng6 13. Bg3 Rd8 14. Bf3 Be6
15. Re1 d5 16. exd5 cxd5 17. Nb5 Qb4 18. Qe2 Rac8 19. c3 Qc5 20. Nd4 Bd7 21. h4
Re8 22. Qd3 Rxe1+ 23. Rxe1 Re8 24. Rxe8+ Bxe8 25. h5 Ne7 26. Bh4 Qd6 27. Nf5
Nxf5 28. Qxf5 Bc6 29. Bxf6 Qxf6 30. Qxf6 gxf6 31. Kf1 Kf8 32. Ke2 Ke7 33. Ke3
Kd6 34. Kf4 Bd7 35. Ke3 Ke5 36. Bd1 f5 37. f4+ Kd6 38. Kd4 f6 39. Bf3 Be6 40.
c4 dxc4 41. Bxb7 c3 42. Kxc3 Bxa2 43. Kd4 Bf7 44. Bf3 Be8 45. Bd1 Bd7 46. Bc2
Be6 47. Bd3 Bd7 48. Ba6 Be6 49. Bc4 Bd7 50. Bd5 Bc6 51. Bxc6 Kxc6 52. Kc4 a5
53. b3 Kb6 54. Kc3 Kb5 55. Kd3 Kb4 56. Kc2 a4 57. bxa4 Kxa4 58. Kc3 Kb5 59. Kd4
Kc6 1/2-1/2

[Event "14. Obert Int. Sant Marti 2012"]
[Site "Barcelona ESP"]
[Date "2012.07.21"]
[Round "9.40"]
[White "Vilalta Vidal, Javier"]
[Black "Masferrer Niubo, Enric"]
[Result "1-0"]
[WhiteElo "1942"]
[BlackElo "2000"]
[PlyCount "71"]
[EventDate "2012.07.13"]
[EventType "swiss"]
[EventRounds "9"]
[EventCountry "ESP"]
[SourceTitle "Ajedrez en Madrid"]
[Source "lmi"]
[SourceDate "2012.07.13"]
[SourceVersion "1"]
[SourceVersionDate "2019.06.21"]
[SourceQuality "1"]

1. e4 e5 2. Nf3 d6 3. d4 Nf6 4. dxe5 Nxe4 5. Qd5 Nc5 6. Bg5 Qd7 7. exd6 Bxd6 8.
Nc3 O-O 9. O-O-O Qf5 10. Qxf5 Bxf5 11. Nb5 Ne4 12. Nxd6 Nxd6 13. Be7 Rc8 14.
Bxd6 cxd6 15. Bd3 Bxd3 16. Rxd3 Rd8 17. Rhd1 Nc6 18. Rxd6 Rxd6 19. Rxd6 Rd8 20.
Rxd8+ Nxd8 21. Nd4 f6 22. Kd2 Kf7 23. Kd3 g6 24. c4 f5 25. b4 Kf6 26. c5 Ke5
27. Kc4 a6 28. a4 h6 29. b5 g5 30. c6 axb5+ 31. axb5 bxc6 32. Nxc6+ Nxc6 33.
bxc6 Kd6 34. Kb5 Kc7 35. Kc5 f4 36. f3 1-0

[Event "14. Obert Int. Sant Marti 2012"]
[Site "Barcelona ESP"]
[Date "2012.07.21"]
[Round "9.41"]
[White "De Azua Arpi, Rafael"]
[Black "Layola Barrionuevo, Javier"]
[Result "1-0"]
[WhiteElo "1952"]
[BlackElo "2061"]
[PlyCount "89"]
[EventDate "2012.07.13"]
[EventType "swiss"]
[EventRounds "9"]
[EventCountry "ESP"]
[SourceTitle "Ajedrez en Madrid"]
[Source "lmi"]
[SourceDate "2012.07.13"]
[SourceVersion "1"]
[SourceVersionDate "2019.06.21"]
[SourceQuality "1"]

1. d4 d5 2. c4 c6 3. e3 Nf6 4. Nc3 e6 5. Bd3 Be7 6. Nge2 Nbd7 7. O-O O-O 8. f3
dxc4 9. Bxc4 e5 10. Qc2 b5 11. Bd3 Qb6 12. Kh1 Bb7 13. Rd1 a6 14. Bf5 Rad8 15.
Bxd7 Nxd7 16. e4 exd4 17. Nxd4 g6 18. Be3 Ne5 19. Qf2 Nc4 20. Nf5 Qc7 21. Nxe7+
Qxe7 22. Bc5 Qe5 23. Bxf8 Rxf8 24. Rab1 f5 25. Qd4 Qf4 26. Ne2 Qg5 27. Rd3 fxe4
28. Qxe4 Bc8 29. Qxc6 Bf5 30. Qd5+ Kg7 31. g4 Bxd3 32. Qxg5 Bxb1 33. Nd4 Rf6
34. b3 Nb6 35. Qe5 Nd7 36. Qe7+ Rf7 37. Ne6+ Kg8 38. Qe8+ Nf8 39. Nxf8 Rxf8 40.
Qe6+ Kg7 41. Qxa6 Bd3 42. Qb7+ Rf7 43. Qd5 Bb1 44. Kg2 Re7 45. Qd1 1-0

[Event "14. Obert Int. Sant Marti 2012"]
[Site "Barcelona ESP"]
[Date "2012.07.21"]
[Round "9.42"]
[White "Garcia Acosta, Roger"]
[Black "Porta Tovar, Oriol"]
[Result "1/2-1/2"]
[WhiteElo "1894"]
[BlackElo "1900"]
[PlyCount "48"]
[EventDate "2012.07.13"]
[EventType "swiss"]
[EventRounds "9"]
[EventCountry "ESP"]
[SourceTitle "Ajedrez en Madrid"]
[Source "lmi"]
[SourceDate "2012.07.13"]
[SourceVersion "1"]
[SourceVersionDate "2019.06.21"]
[SourceQuality "1"]

1. e4 e5 2. Nf3 Nc6 3. Bb5 a6 4. Ba4 Nf6 5. O-O Be7 6. Re1 b5 7. Bb3 O-O 8. h3
d6 9. c3 Na5 10. Bc2 c5 11. d4 Qc7 12. Nbd2 Re8 13. Nf1 Bf8 14. d5 g6 15. Ng3
Bg7 16. a4 Bd7 17. Nh2 Rab8 18. b4 cxb4 19. cxb4 Nc4 20. a5 Rec8 21. Bb3 Qd8
22. Ra2 Qf8 23. Rc2 Rb7 24. Nhf1 Rbc7 1/2-1/2

[Event "14. Obert Int. Sant Marti 2012"]
[Site "Barcelona ESP"]
[Date "2012.07.21"]
[Round "9.43"]
[White "Severri Arrese, Carlos"]
[Black "Cano Sevila, Ivan"]
[Result "1-0"]
[WhiteElo "1996"]
[BlackElo "1521"]
[PlyCount "89"]
[EventDate "2012.07.13"]
[EventType "swiss"]
[EventRounds "9"]
[EventCountry "ESP"]
[SourceTitle "Ajedrez en Madrid"]
[Source "lmi"]
[SourceDate "2012.07.13"]
[SourceVersion "1"]
[SourceVersionDate "2019.06.21"]
[SourceQuality "1"]

1. d4 Nf6 2. Bg5 Ne4 3. Bf4 d5 4. e3 e6 5. Bd3 Nf6 6. Nd2 Bd6 7. Ngf3 O-O 8. c3
Bxf4 9. exf4 Qd6 10. g3 Nbd7 11. O-O c5 12. Qe2 c4 13. Bc2 b5 14. Ne5 Bb7 15.
g4 g6 16. f3 Ne8 17. Rae1 Nc7 18. Qf2 Nxe5 19. fxe5 Qe7 20. Qg3 f5 21. h3 Bc8
22. Re2 f4 23. Qe1 Kf7 24. Rg2 Ke8 25. Nb1 Kd7 26. a4 a6 27. Na3 Kc6 28. Qa1
Qg7 29. Kh2 Ne8 30. Qe1 Qe7 31. Qd2 Nc7 32. Ra1 Kd7 33. Bd1 Rh8 34. Nc2 g5 35.
axb5 axb5 36. Rxa8 Nxa8 37. Nb4 Nc7 38. b3 Qf7 39. bxc4 bxc4 40. Ba4+ Ke7 41.
Qb2 Bd7 42. Nc6+ Bxc6 43. Qb4+ Kd8 44. Bxc6 Ne8 45. Ra2 1-0

[Event "14. Obert Int. Sant Marti 2012"]
[Site "Barcelona ESP"]
[Date "2012.07.21"]
[Round "9.44"]
[White "Fernandez Aguilar, Francisco"]
[Black "Olive Oller, Guim"]
[Result "1-0"]
[WhiteElo "1946"]
[BlackElo "1850"]
[PlyCount "47"]
[EventDate "2012.07.13"]
[EventType "swiss"]
[EventRounds "9"]
[EventCountry "ESP"]
[SourceTitle "Ajedrez en Madrid"]
[Source "lmi"]
[SourceDate "2012.07.13"]
[SourceVersion "1"]
[SourceVersionDate "2019.06.21"]
[SourceQuality "1"]

1. e4 c5 2. Nc3 Nc6 3. Bb5 d6 4. Bxc6+ bxc6 5. d3 Nf6 6. h3 g6 7. Be3 Bg7 8.
Qd2 Rb8 9. Rb1 O-O 10. Bh6 Ba6 11. Bxg7 Kxg7 12. f4 Nd7 13. Nf3 f6 14. g4 e5
15. f5 g5 16. h4 h6 17. Ne2 d5 18. Ng3 c4 19. d4 dxe4 20. Nxe4 Qc7 21. hxg5
hxg5 22. Nfxg5 fxg5 23. Qxg5+ Kf7 24. Rh7+ 1-0

[Event "14. Obert Int. Sant Marti 2012"]
[Site "Barcelona ESP"]
[Date "2012.07.21"]
[Round "9.45"]
[White "Ruiz Molina, Gabriel"]
[Black "Escobar Figueroa, Sandra"]
[Result "1/2-1/2"]
[WhiteElo "1945"]
[BlackElo "1842"]
[PlyCount "28"]
[EventDate "2012.07.13"]
[EventType "swiss"]
[EventRounds "9"]
[EventCountry "ESP"]
[SourceTitle "Ajedrez en Madrid"]
[Source "lmi"]
[SourceDate "2012.07.13"]
[SourceVersion "1"]
[SourceVersionDate "2019.06.21"]
[SourceQuality "1"]

1. d4 g6 2. c4 Bg7 3. Nc3 d6 4. e4 Nf6 5. Nf3 Bg4 6. Be3 O-O 7. Qd2 Nbd7 8. Ng1
c5 9. d5 Nb6 10. h3 Bd7 11. Be2 Na4 12. Bd3 Nxc3 13. bxc3 Qa5 14. Ne2 Rfe8
1/2-1/2